|
|
|
|
| LEADER |
00000nam0a2200000 4500 |
| 001 |
326756 |
| 005 |
20231102003907.0 |
| 035 |
|
|
|a (RuTPU)RU\TPU\book\352416
|
| 090 |
|
|
|a 326756
|
| 100 |
|
|
|a 20170116d1937 m y0rusy50 ca
|
| 101 |
0 |
|
|a rus
|
| 102 |
|
|
|a RU
|
| 105 |
|
|
|a a z 000zy
|
| 200 |
1 |
|
|a Евгений Онегин
|e лирические сцены в 3 действиях,7 картинах
|f Государственный академический Малый оперный театр ; автор музыки П. И. Чайковский
|
| 210 |
|
|
|a Ленинград
|c Издание Ленинградского Гос. малого оперного театра
|d 1937
|
| 215 |
|
|
|a 54 с.
|c ил.
|
| 606 |
1 |
|
|a Оперы
|2 stltpush
|3 (RuTPU)RU\TPU\subj\47064
|9 66131
|
| 610 |
1 |
|
|a музыкальные спектакли
|
| 610 |
1 |
|
|a постановка
|
| 610 |
1 |
|
|a краткое содержание
|
| 610 |
1 |
|
|a режиссеры
|
| 610 |
1 |
|
|a роли
|
| 675 |
|
|
|a 782
|v 4
|
| 702 |
|
1 |
|a Чайковский
|b П. И.
|g Петр Ильич
|4 230
|
| 712 |
0 |
2 |
|a Государственный академический Малый оперный театр
|c (Ленинград)
|c (1926-1964)
|2 stltpush
|3 (RuTPU)RU\TPU\col\27278
|9 28654
|
| 801 |
|
1 |
|a RU
|b 63413507
|c 20170116
|
| 801 |
|
2 |
|a RU
|b 63413507
|c 20201005
|g RCR
|
| 942 |
|
|
|c BK
|